000 00559nam a2200193 4500
003 AR-RoIUNI
005 20250529094154.0
008 250529b |||||||| |||| 00| 0 spa d
040 _cAR-RoIUNI
080 _a159.9
100 _aScapini, Clara
245 _aAbordaje biopsicosocial de la migraña :
_bel adiestramiento en inoculación de estrés como estrategia de tratamiento
_cClara, Scapini
260 _aRosario
_bIUNIR
_c2024
300 _a46p
650 _aTIFO
650 _xMigraña
_xestrés
700 _aIbañez, Bernabé
942 _2cdu
_cTIFO
999 _c5981
_d5981